ديوان أبى نواس الحسن بن هانئ الحكمى / (رقم التسجيلة. 178057)

تفاصيل مارك
000 -LEADER
fixed length control field 01587namaa22003251n 4500
003 - CONTROL NUMBER IDENTIFIER
control field EG-GICUC
005 - DATE AND TIME OF LATEST TRANSACTION
control field 20260127115132.0
008 - FIXED-LENGTH DATA ELEMENTS--GENERAL INFORMATION
fixed length control field 260127s2000 ua ||||jr|||| 000 0 ara d
017 ## - COPYRIGHT OR LEGAL DEPOSIT NUMBER
Copyright or legal deposit number 2000 / 18441
Assigning agency دار الكتب والوثائق القومية(مصر)
040 ## - CATALOGING SOURCE
Original cataloging agency EG-GiCUC
Language of cataloging ara
Transcribing agency EG-GiCUC
Modifying agency EG-GiCUC
Description conventions rda
082 04 - DEWEY DECIMAL CLASSIFICATION NUMBER
Edition number 21
Classification number 811.94
Item number N989
092 04 - LOCALLY ASSIGNED DEWEY CALL NUMBER (OCLC)
Edition number 21
Classification number 811.94
Item number N989
099 ## - LOCAL FREE-TEXT CALL NUMBER (OCLC)
Classification number 811.94 N989d
100 0# - MAIN ENTRY--PERSONAL NAME
Personal name أبو نواس،
Dates associated with a name حوالي 756-حوالي 810
Relator term مؤلف.
245 1# - TITLE STATEMENT
Title ديوان أبى نواس الحسن بن هانئ الحكمى /
Statement of responsibility, etc. تحقيق غريغور شولر، ايفالد فاغنر
264 ## - PRODUCTION, PUBLICATION, DISTRIBUTION, MANUFACTURE, AND COPYRIGHT NOTICE
Place of production, publication, distribution, manufacture القاهرة (مصر) :
Name of producer, publisher, distributor, manufacturer الهيئة العامةلقصور الثقافة،
Date of production, publication, distribution, manufacture, or copyright notice [2000]
300 ## - PHYSICAL DESCRIPTION
Extent ؛ 4 مجلدات
Dimensions 24 سم
336 ## - CONTENT TYPE
Source rdacontent
Content type term text
337 ## - MEDIA TYPE
Source rdamedia
Media type term Unmediated
338 ## - CARRIER TYPE
Source rdacarrier
Carrier type term volume
490 ## - SERIES STATEMENT
Series statement الذخائر ؛
Volume/sequential designation 62
504 ## - BIBLIOGRAPHY, ETC. NOTE
Bibliography, etc. note يشتمل على ارجاعات ببليوجرافية
541 ## - IMMEDIATE SOURCE OF ACQUISITION NOTE
Source of acquisition د. جابر عصفور ؛
Address القاهرة ؛
Method of acquisition إهداء ؛
Date of acquisition 2024.
650 17 - SUBJECT ADDED ENTRY--TOPICAL TERM
Topical term or geographic name entry element الشعر العربى
General subdivision تاريخ ونقد
Chronological subdivision العصر العباسى الاول
Source of heading or term qrmak
651 1# - SUBJECT ADDED ENTRY--GEOGRAPHIC NAME
Source of heading or term qrmak
700 1# - ADDED ENTRY--PERSONAL NAME
Personal name شولر، غريغور
Relator term محقق.
Miscellaneous information المجلد الاول- المجلد الرابع
Title of a work ديوان أبى نواس الحسن بن هانئ الحكمى
700 1# - ADDED ENTRY--PERSONAL NAME
Personal name فاغنر، ايفالد
Relator term محقق.
Miscellaneous information المجلد الثانى- المجلد الثالث
Title of a work ديوان أبى نواس الحسن بن هانئ الحكمى
905 ## - Cataloger and Reviser Names
Cataloger Name Huda
942 ## - ADDED ENTRY ELEMENTS (KOHA)
Source of classification or shelving scheme Dewey Decimal Classification
Koha item type Books
Edition 21
Suppress in OPAC No
المقتنيات
Withdrawn status Lost status Source of classification or shelving scheme Damaged status Not for loan Home library Current library Date acquired Inventory number Total checkouts Full call number Barcode Date last seen Price effective from Koha item type
    Dewey Decimal Classification   Not for loan المكتبة المركزبة الجديدة - جامعة القاهرة قاعة المكتبات المهداة - الدور الرابع 27.01.2026 175093   811.94 N989d v.1 J.U. 01000100175093001 27.01.2026 27.01.2026 Books
    Dewey Decimal Classification   Not for loan المكتبة المركزبة الجديدة - جامعة القاهرة قاعة المكتبات المهداة - الدور الرابع 27.01.2026 175093   811.94 N989d v.2 J.U. 01000100175093002 27.01.2026 27.01.2026 Books
    Dewey Decimal Classification   Not for loan المكتبة المركزبة الجديدة - جامعة القاهرة قاعة المكتبات المهداة - الدور الرابع 27.01.2026 175093   811.94 N989d v.3 J.U. 01000100175093003 27.01.2026 27.01.2026 Books
    Dewey Decimal Classification   Not for loan المكتبة المركزبة الجديدة - جامعة القاهرة قاعة المكتبات المهداة - الدور الرابع 27.01.2026 175093   811.94 N989d v.4 J.U. 01000100175093004 27.01.2026 27.01.2026 Books
Cairo University Libraries Portal Implemented & Customized by: Eng. M. Mohamady Contacts: new-lib@cl.cu.edu.eg | cnul@cl.cu.edu.eg
CUCL logo CNUL logo
© All rights reserved — Cairo University Libraries
CUCL logo
Implemented & Customized by: Eng. M. Mohamady Contact: new-lib@cl.cu.edu.eg © All rights reserved — New Central Library
CNUL logo
Implemented & Customized by: Eng. M. Mohamady Contact: cnul@cl.cu.edu.eg © All rights reserved — Cairo National University Library